Aplikácia štíhleho riadenia v podniku diplomová práca

Salvato in:
Dettagli Bibliografici
Autore principale: Basár, Jozef
Ente Autore: Fakulta podnikového manažmentu EU. Katedra manažmentu výroby a logistiky - zrušená
Altri autori: Džubáková, Martina
Natura: Libro
Lingua:slovacco
Pubblicazione: Bratislava 2017
Tags: Aggiungi Tag
Nessun Tag, puoi essere il primo ad aggiungerne!!

MARC

LEADER 00000nbm a2200000 4500
001 0232540
005 20240917082706.5
041 0 |a slo 
044 |a SK 
245 1 0 |a Aplikácia štíhleho riadenia v podniku  |b diplomová práca  |c Jozef Basár ; školiteľ: Martina Džubáková 
264 1 |a Bratislava  |c 2017 
300 |a 79 s. 
100 1 |a Basár, Jozef 
700 1 |a Džubáková, Martina 
710 2 |a Fakulta podnikového manažmentu EU. Katedra manažmentu výroby a logistiky - zrušená